Обзор и сравнение программных аналогов для управления заказом; Прогрессивные технологии и экономика в машиностроении

Detaylı Bibliyografya
Parent link:Прогрессивные технологии и экономика в машиностроении.— 2021.— [С. 167-169]
Yazar: Курбанов А. С.
Müşterek Yazar: Национальный исследовательский Томский политехнический университет Юргинский технологический институт
Diğer Yazarlar: Чернышёва Т. Ю. Татьяна Юрьевна (научный руководитель)
Özet:Заглавие с экрана
В статье рассмотрены различные подходы анализы программы для учета продажи и выбрано наиболее хорошей системой.
The article considers various approaches to analyzing the program for accounting for sales and selects the best system.
Dil:Rusça
Baskı/Yayın Bilgisi: 2021
Seri Bilgileri:Информационные технологии, экономика, управление
Konular:
Online Erişim:http://earchive.tpu.ru/handle/11683/65293
Materyal Türü: Elektronik Kitap Bölümü
KOHA link:https://koha.lib.tpu.ru/cgi-bin/koha/opac-detail.pl?biblionumber=632777

MARC

LEADER 00000naa2a2200000 4500
001 632777
005 20231102024623.0
035 |a (RuTPU)RU\TPU\conf\34499 
035 |a RU\TPU\conf\34497 
090 |a 632777 
100 |a 20210427d2021 k y0rusy50 ca 
101 0 |a rus  |d eng 
102 |a RU 
105 |a y z 101zy 
135 |a drgn ---uucaa 
181 0 |a i  
182 0 |a b 
200 1 |a Обзор и сравнение программных аналогов для управления заказом  |f А. С. Курбанов  |g науч. рук. Т. Ю. Чернышёва 
203 |a Текст  |c электронный 
225 1 |a Информационные технологии, экономика, управление 
230 |a 1 компьютерный файл (pdf; 134 Kb) 
300 |a Заглавие с экрана 
320 |a [Библиогр.: с. 169 (3 назв.)] 
330 |a В статье рассмотрены различные подходы анализы программы для учета продажи и выбрано наиболее хорошей системой. 
330 |a The article considers various approaches to analyzing the program for accounting for sales and selects the best system. 
463 0 |0 (RuTPU)RU\TPU\conf\34439  |t Прогрессивные технологии и экономика в машиностроении  |o сборник трудов XII Всероссийской научно-практической конференции для студентов и учащейся молодежи, 8-10 апреля 2021 г., Юрга  |f Национальный исследовательский Томский политехнический университет (ТПУ), Юргинский технологический институт (ЮТИ) ; под ред. С. А. Солодского  |v [С. 167-169]  |d 2021 
610 1 |a электронный ресурс 
610 1 |a труды учёных ТПУ 
610 1 |a обзоры 
610 1 |a управление 
610 1 |a заказы 
610 1 |a учет 
610 1 |a торговля 
610 1 |a клиенты 
610 1 |a обмен данными 
610 1 |a отчетность 
610 1 |a аналитика 
610 1 |a accounting system 
610 1 |a trade management 
610 1 |a cash register 
610 1 |a sales 
610 1 |a customer 
610 1 |a data exchange 
610 1 |a reporting and analytics 
700 1 |a Курбанов  |b А. С. 
702 1 |a Чернышёва  |b Т. Ю.  |c специалист в области информатики и вычислительной техники  |c доцент Юргинского технологического института (филиала) Томского политехнического университета, кандидат технических наук  |f 1974-  |g Татьяна Юрьевна  |2 stltpush  |4 727  |9 11830 
712 0 2 |a Национальный исследовательский Томский политехнический университет  |b Юргинский технологический институт  |c (2009- )  |h 349  |2 stltpush  |3 (RuTPU)RU\TPU\col\15903 
801 2 |a RU  |b 63413507  |c 20210512  |g RCR 
856 4 |u http://earchive.tpu.ru/handle/11683/65293 
942 |c BK